[Event "Iberoamerican-ch 9th"]
[Site "Panama City"]
[Date "2023.11.26"]
[Round "3"]
[White "Cuenca Jimenez, Jose Fernando"]
[Black "Ortiz Verdesoto, Anahi Eduarda"]
[Result "1/2-1/2"]
[WhiteElo "2505"]
[BlackElo "2175"]
[PlyCount "149"]
[EventDate "2023.11.25"]
[EventType "swiss"]
[EventRounds "9"]
[EventCountry "PAN"]
[SourceTitle "CB49_2023"]
[SourceDate "2023.12.06"]
[SourceVersion "1"]
[SourceVersionDate "2023.12.06"]
[SourceQuality "1"]

1. d4 Nf6 2. c4 e6 3. Nf3 b6 4. g3 Ba6 5. b3 Bb7 6. Bg2 Bb4+ 7. Bd2 a5 8. a3 Bxd2+ 9. Qxd2 0-0 10. 0-0 d6 11. Qc2 c5 12. Rd1 cxd4 13. Rxd4 Qe7 14. Nc3 Na6 15. Ng5 Bxg2 16. Kxg2 h6 17. Nge4 d5 18. cxd5 exd5 19. Nxf6+ Qxf6 20. Rad1 Nc7 21. Nxd5 Nxd5 22. Rxd5 Rac8 23. Qd3 Qb2 24. a4 Rc3 25. Qe4 Qxb3 26. R1d4 Rcc8 27. Rb5 Qa2 28. Qf3 Rce8 29. e3 Re6 30. Rf5 Re7 31. g4 Rfe8 32. Qd5 Qxd5+ 33. Rfxd5 Rc7 34. Kf3 Re6 35. h4 Rec6 36. h5 g6 37. hxg6 Rxg6 38. Kg3 Rc3 39. Rf4 Rc7 40. Re4 Kg7 41. Red4 Rc3 42. Rf4 Rc7 43. Kh4 Rgc6 44. Rdf5 Rc4 45. Rxf7+ Rxf7 46. Rxc4 Rxf2 47. Rc7+ Kg8 48. Rc6 Rh2+ 49. Kg3 Ra2 50. Rxh6 Rxa4 51. Rxb6 Kg7 52. Ra6 Ra1 53. Kf4 a4 54. e4 a3 55. Kg5 a2 56. Ra7+ Kf8 57. Kg6 Rg1 58. Rxa2 Rxg4+ 59. Kf5 Rh4 60. Ra8+ Ke7 61. Ra7+ Ke8 62. e5 Rh6 63. Rg7 Ra6 64. Rh7 Rb6 65. Rh2 Ra6 66. Rd2 Rc6 67. Kg5 Rb6 68. Rf2 Ke7 69. Kf5 Ra6 70. Rb2 Rc6 71. Rb7+ Ke8 72. Ke4 Ra6 73. Kd5 Rh6 74. e6 Rh1 75. Rb8+ 1/2-1/2

[Event "ECU-ch (Women)"]
[Site "Quito"]
[Date "2023.06.21"]
[Round "1"]
[White "Roman Tapia, Ariana Alejandra"]
[Black "Ortiz Verdesoto, Anahi Eduarda"]
[Result "0-1"]
[WhiteElo "1374"]
[BlackElo "2169"]
[PlyCount "81"]
[EventDate "2023.06.21"]
[EventType "swiss"]
[EventRounds "9"]
[EventCountry "ECU"]
[SourceTitle "CBM 215 Extra"]
[Source "ChessBase"]
[SourceDate "2023.09.30"]
[SourceVersion "1"]
[SourceVersionDate "2023.09.30"]
[SourceQuality "1"]

1. e4 e5 2. Nf3 d6 3. d4 exd4 4. Qxd4 a6 5. Nc3 Nc6 6. Qe3 Nf6 7. Bc4 Be7 8. h3 0-0 9. 0-0 b5 10. Bb3 Na5 11. e5 dxe5 12. Nxe5 Bd6 13. Nf3 Nxb3 14. axb3 Bb7 15. Qd3 b4 16. Na4 Be4 17. Qd1 Qd7 18. Be3 Qf5 19. Nd4 Qg6 20. f3 Qg3 21. Ne2 Qh2+ 22. Kf2 Rad8 23. Qc1 Bf5 24. Nf4 Nh5 25. Nxh5 Bxh3 26. Rg1 Qe5 27. Nf4 Bf5 28. c3 Rfe8 29. Re1 Qf6 30. g3 Qh6 31. Rh1 Qf6 32. Nc5 bxc3 33. bxc3 Qe5 34. Nb7 g5 35. Ne2 Rd7 36. Ra5 c5 37. Nxd6 Qxd6 38. Rxc5 Ree7 39. Rxf5 h6 40. Nd4 Rxe3 41. Qd2 0-1

[Event "Olympiad Women-44"]
[Site "Chennai"]
[Date "2022.08.08"]
[Round "10.2"]
[White "Aydin, Gulenay"]
[Black "Ortiz Verdesoto, Anahi Eduarda"]
[Result "1/2-1/2"]
[WhiteElo "2100"]
[BlackElo "2046"]
[PlyCount "41"]
[EventDate "2022.07.29"]
[EventType "team-swiss"]
[EventRounds "11"]
[EventCountry "IND"]
[SourceTitle "CBM 210"]
[Source "ChessBase"]
[SourceDate "2022.10.31"]
[SourceVersion "1"]
[SourceVersionDate "2022.10.31"]
[SourceQuality "1"]
[WhiteTeam "Turkey (W)"]
[BlackTeam "Ecuador (W)"]
[WhiteTeamCountry "TUR"]
[BlackTeamCountry "ECU"]

1. e4 e5 2. Nf3 Nc6 3. Nc3 Nf6 4. Bb5 Nd4 5. 0-0 Nxb5 6. Nxb5 c6 7. Nc3 d6 8. d4 Qc7 9. Bg5 Be7 10. h3 0-0 11. a4 a5 12. Re1 Re8 13. Qd3 h6 14. Bh4 Nh5 15. Bxe7 Nf4 16. Qd2 Qxe7 17. Ne2 Ng6 18. Ng3 Nf4 19. Ne2 Ng6 20. Ng3 Nf4 21. Ne2 1/2-1/2

[Event "Barcelona Sant Marti op-A 22nd"]
[Site "Barcelona"]
[Date "2022.07.20"]
[Round "8"]
[White "Macak, Stefan"]
[Black "Ortiz Verdesoto, Anahi Eduarda"]
[Result "1-0"]
[WhiteElo "2363"]
[BlackElo "2046"]
[PlyCount "151"]
[EventDate "2022.07.13"]
[EventType "swiss"]
[EventRounds "9"]
[EventCountry "ESP"]
[SourceTitle "CBM 209 Extra"]
[Source "ChessBase"]
[SourceDate "2022.09.30"]
[SourceVersion "1"]
[SourceVersionDate "2022.09.30"]
[SourceQuality "1"]

1. e4 e5 2. Nf3 Nc6 3. Bb5 a6 4. Ba4 Nf6 5. 0-0 Be7 6. Re1 b5 7. Bb3 d6 8. c3 0-0 9. h3 Na5 10. Bc2 c5 11. d4 exd4 12. cxd4 cxd4 13. Nxd4 Re8 14. Bf4 Nc4 15. Nc6 Qc7 16. Nxe7+ Qxe7 17. b3 Ne5 18. Nc3 Bb7 19. Qd4 Rac8 20. Rad1 Qc7 21. Re3 Re6 22. Bb1 Qc5 23. Ne2 b4 24. Qd2 g6 25. Rc1 Qb6 26. Rxc8+ Bxc8 27. Nd4 Re8 28. Bg5 Ned7 29. Kh1 Bb7 30. f3 Qc5 31. Bf4 a5 32. Nc2 Ne5 33. Re1 Bc6 34. Ne3 Bd7 35. Rc1 Qb6 36. Rd1 Re6 37. Qd4 Qxd4 38. Rxd4 Bc6 39. Kg1 Nfd7 40. Nd5 Re8 41. Kf2 f6 42. Ne3 Re6 43. Bc2 Nc5 44. Nc4 Nb7 45. Bd1 Kf8 46. Nb6 Bb5 47. Bc2 Nc5 48. Ke3 Bc6 49. Kd2 Ke8 50. Nc4 Nb7 51. Kc1 Kd7 52. Kb2 Nxc4+ 53. Rxc4 Bb5 54. Rd4 Bf1 55. Rd2 Bb5 56. a3 bxa3+ 57. Kxa3 Re8 58. h4 Rc8 59. Bd1 Ke7 60. g4 Rc5 61. Be3 Rc3 62. Bd4 Rc1 63. Kb2 Rc8 64. g5 f5 65. exf5 gxf5 66. Bc3 Bc6 67. h5 Rg8 68. g6 h6 69. Be2 d5 70. Bd3 Bd7 71. Re2+ Kd6 72. Be5+ Ke6 73. Bg7+ Kd6 74. Bxh6 Nc5 75. Bf4+ Kc6 76. Rc2 1-0

[Event "Barcelona Sant Marti op-A 22nd"]
[Site "Barcelona"]
[Date "2022.07.17"]
[Round "5"]
[White "Ortiz Verdesoto, Anahi Eduarda"]
[Black "Player, Edmund C"]
[Result "1/2-1/2"]
[WhiteElo "2046"]
[BlackElo "2202"]
[PlyCount "86"]
[EventDate "2022.07.13"]
[EventType "swiss"]
[EventRounds "9"]
[EventCountry "ESP"]
[SourceTitle "CBM 209 Extra"]
[Source "ChessBase"]
[SourceDate "2022.09.30"]
[SourceVersion "1"]
[SourceVersionDate "2022.09.30"]
[SourceQuality "1"]

1. d4 d5 2. c4 dxc4 3. Nf3 Nf6 4. e3 a6 5. Bxc4 b5 6. Bd3 Bb7 7. 0-0 e6 8. a4 b4 9. Nbd2 c5 10. Qe2 Nc6 11. dxc5 Nd7 12. Ne4 Nxc5 13. Nxc5 Bxc5 14. Be4 Qe7 15. b3 f5 16. Bd3 0-0 17. Bb2 Na5 18. e4 Rad8 19. exf5 exf5 20. Bxa6 Qxe2 21. Bxe2 Nxb3 22. Bc4+ Bd5 23. Bxb3 Bxb3 24. Rfc1 Rd5 25. a5 Rfd8 26. h4 Rd1+ 27. Rxd1 Bxd1 28. Rc1 Bxf3 29. Rxc5 Rd1+ 30. Kh2 Rd2 31. Rc8+ Kf7 32. Rc7+ Ke6 33. Bxg7 Be4 34. Kg3 Ra2 35. f3 Bd5 36. Rc5 b3 37. Rb5 Kd6 38. Bf8+ Ke5 39. Bg7+ Kd6 40. Bf8+ Ke6 41. Bg7 Kd6 42. Bf8+ Ke5 43. Bg7+ Kd6 1/2-1/2

[Event "Barbera del Valles op 44th"]
[Site "Barbera del Valles"]
[Date "2022.07.09"]
[Round "6"]
[White "Ortiz Verdesoto, Anahi Eduarda"]
[Black "Dahale, Atul"]
[Result "0-1"]
[WhiteElo "2046"]
[BlackElo "2162"]
[PlyCount "97"]
[EventDate "2022.07.04"]
[EventType "swiss"]
[EventRounds "9"]
[EventCountry "ESP"]
[SourceTitle "EXT 2023"]
[Source "ChessBase"]
[SourceDate "2022.10.05"]
[SourceVersion "1"]
[SourceVersionDate "2022.10.05"]
[SourceQuality "1"]

1. d4 Nf6 2. c4 g6 3. Nc3 Bg7 4. e4 d6 5. h3 0-0 6. Bg5 Na6 7. Nf3 Qe8 8. Be2 e5 9. d5 Nh5 10. g3 h6 11. Bd2 f5 12. exf5 gxf5 13. Nh4 Nf6 14. Qc1 Kh7 15. g4 e4 16. gxf5 Nc5 17. Kf1 Qd8 18. Rg1 Ng8 19. Rg4 Bf6 20. Ng6 Rf7 21. Nf4 Bxf5 22. Ne6 Qe7 23. Be3 Nxe6 24. dxe6 Qxe6 25. Qc2 Re8 26. Nxe4 Kh8 27. Bf3 Bxg4 28. hxg4 Bg7 29. Kg2 Qg6 30. Rc1 Be5 31. Ng5 Rf6 32. Be4 Qg7 33. Rh1 Bf4 34. Rh5 Bxe3 35. fxe3 Re5 36. Bf5 Ne7 37. e4 Nxf5 38. exf5 Kg8 39. Ne4 Qxg4+ 40. Ng3 Re3 41. Qf2 Rd3 42. Qe1 Kf8 43. Rh1 Rxf5 44. Rxh6 Qf3+ 45. Kh3 Rh5+ 46. Rxh5 Qxh5+ 47. Kg2 Qf3+ 48. Kh3 Rd1 49. b3 0-1

[Event "Titled Tuesday intern op 08th Feb Late"]
[Site "Chess.com INT"]
[Date "2022.02.08"]
[Round "8"]
[White "Mirzoev, Azer"]
[Black "Ortiz Verdesoto, Anahi Eduarda"]
[Result "1-0"]
[WhiteElo "2468"]
[BlackElo "2047"]
[PlyCount "99"]
[EventDate "2022.02.08"]
[EventType "swiss (blitz)"]
[EventRounds "11"]
[EventCountry "USA"]
[SourceTitle "CBM 206 Extra"]
[Source "ChessBase"]
[SourceDate "2022.03.31"]
[SourceVersion "1"]
[SourceVersionDate "2022.03.31"]
[SourceQuality "1"]

1. Nf3 d5 2. b4 c6 3. Bb2 Nf6 4. e3 e6 5. b5 Bd6 6. c4 Nbd7 7. Nc3 0-0 8. bxc6 bxc6 9. cxd5 cxd5 10. Nb5 Bb4 11. Rb1 a5 12. a3 Bc5 13. Be2 Ba6 14. 0-0 Rb8 15. a4 Re8 16. Nfd4 Bb7 17. Nb3 Bb4 18. Rc1 Nb6 19. Nc5 Bxc5 20. Rxc5 Ne4 21. Rc1 f6 22. Ba3 Nc4 23. Bxc4 dxc4 24. Rxc4 Qxd2 25. Rc7 Qxd1 26. Rxd1 Bd5 27. f3 Ng5 28. e4 Bb3 29. Rdd7 Bxa4 30. Rxg7+ Kh8 31. h4 Rg8 32. Rxg8+ Kxg8 33. hxg5 Bxb5 34. gxf6 Be8 35. Rg7+ Kh8 36. f7 Bxf7 37. Rxf7 Rb3 38. Bd6 Kg8 39. Ra7 Rb5 40. Bc7 Rc5 41. Bxa5 Rc1+ 42. Kh2 Ra1 43. Bb6 Rb1 44. Bd4 Rd1 45. Be5 h5 46. Re7 Kf8 47. Rxe6 Kf7 48. Rf6+ Ke7 49. Rf5 Ke6 50. Rxh5 1-0

[Event "Titled Tuesday intern op 08th Feb Late"]
[Site "Chess.com INT"]
[Date "2022.02.08"]
[Round "1"]
[White "Ortiz Verdesoto, Anahi Eduarda"]
[Black "Jobava, Baadur"]
[Result "0-1"]
[WhiteElo "2047"]
[BlackElo "2588"]
[PlyCount "108"]
[EventDate "2022.02.08"]
[EventType "swiss (blitz)"]
[EventRounds "11"]
[EventCountry "USA"]
[SourceTitle "CBM 206 Extra"]
[Source "ChessBase"]
[SourceDate "2022.03.31"]
[SourceVersion "1"]
[SourceVersionDate "2022.03.31"]
[SourceQuality "1"]

1. d4 Nf6 2. c4 c5 3. d5 e6 4. Nc3 exd5 5. cxd5 d6 6. e4 g6 7. Bg5 h6 8. Be3 Bg7 9. h3 Na6 10. Bd3 Nc7 11. Nf3 Rb8 12. a4 a6 13. a5 0-0 14. 0-0 Re8 15. Qd2 Kh7 16. Rfe1 Bd7 17. Bf4 Bb5 18. Bc2 b6 19. axb6 Rxb6 20. e5 dxe5 21. Nxe5 Rf8 22. Rad1 Be8 23. Be3 Rxb2 24. Bxc5 Rg8 25. Bxg6+ fxg6 26. Qxb2 Nb5 27. Nc6 Qa8 28. Nxb5 axb5 29. Qxb5 Nxd5 30. Rxe8 Rxe8 31. Rxd5 Re6 32. Rd6 Qa1+ 33. Kh2 Be5+ 34. Nxe5 Qxe5+ 35. g3 Rxd6 36. Qb7+ Kg8 37. Qc8+ Kf7 38. Qc7+ Ke6 39. Bxd6 Qxd6 40. Qxd6+ Kxd6 41. Kg2 Ke5 42. Kf3 Kd4 43. Kg4 Ke4 44. f3+ Ke3 45. f4 Kf2 46. Kh4 Kf3 47. f5 gxf5 48. Kh5 Kxg3 49. Kxh6 f4 50. Kg6 f3 51. h4 f2 52. h5 f1Q 53. h6 Qa1 54. h7 Qh8 0-1

[Event "Titled Tuesday intern op 01st Feb-B"]
[Site "Chess.com INT"]
[Date "2022.02.02"]
[Round "5"]
[White "Ortiz Verdesoto, Anahi Eduarda"]
[Black "Ardila, Oscar Humberto"]
[Result "1-0"]
[WhiteElo "1978"]
[BlackElo "1988"]
[PlyCount "121"]
[EventDate "2022.02.02"]
[EventType "swiss (blitz)"]
[EventRounds "11"]
[EventCountry "USA"]
[SourceTitle "CBM 206 Extra"]
[Source "ChessBase"]
[SourceDate "2022.03.31"]
[SourceVersion "1"]
[SourceVersionDate "2022.03.31"]
[SourceQuality "1"]

1. d4 Nf6 2. c4 g6 3. Nc3 Bg7 4. e4 d6 5. Be2 0-0 6. Bg5 h6 7. Be3 Nbd7 8. h3 e5 9. d5 Nc5 10. Qc2 a5 11. Nf3 c6 12. Rd1 cxd5 13. Nxd5 Nxd5 14. Rxd5 Be6 15. Rd1 Qc7 16. g4 Qc6 17. Nd2 f5 18. f3 fxe4 19. Nxe4 Nxe4 20. Qxe4 Qxe4 21. fxe4 Rac8 22. b3 Rc6 23. Rf1 Rxf1+ 24. Kxf1 Bf8 25. Kf2 Kg7 26. Kg3 Be7 27. Bd2 b6 28. h4 g5 29. hxg5 Bxg5 30. Bxg5 hxg5 31. Rh1 Bf7 32. Kf3 Bg6 33. Ke3 Rc7 34. Rd1 Rc6 35. a3 Kf6 36. b4 axb4 37. axb4 Ke6 38. Rh1 Rc7 39. Rh6 Kf6 40. Rh8 Ra7 41. Rd8 Ra3+ 42. Bd3 Ke7 43. Rb8 Bf7 44. Kd2 Ra2+ 45. Kc3 Rg2 46. Rxb6 Rxg4 47. c5 dxc5 48. bxc5 Rg1 49. Rb7+ Kf6 50. c6 Be6 51. c7 Rc1+ 52. Bc2 g4 53. Rb6 g3 54. Rxe6+ Kxe6 55. c8Q+ Kd6 56. Qg8 Rg1 57. Qd5+ Kc7 58. Qxe5+ Kb7 59. Qd5+ Kc7 60. Qc5+ Kd7 61. Qxg1 1-0

[Event "Titled Tuesday intern op 01st Feb-B"]
[Site "Chess.com INT"]
[Date "2022.02.02"]
[Round "11"]
[White "Przybylski, Wojciech"]
[Black "Ortiz Verdesoto, Anahi Eduarda"]
[Result "0-1"]
[WhiteElo "2321"]
[BlackElo "1978"]
[PlyCount "140"]
[EventDate "2022.02.02"]
[EventType "swiss (blitz)"]
[EventRounds "11"]
[EventCountry "USA"]
[SourceTitle "CBM 206 Extra"]
[Source "ChessBase"]
[SourceDate "2022.03.31"]
[SourceVersion "1"]
[SourceVersionDate "2022.03.31"]
[SourceQuality "1"]

1. e4 e5 2. Nf3 Nc6 3. Bb5 Nf6 4. 0-0 Be7 5. Re1 d6 6. h3 a6 7. Ba4 b5 8. Bb3 Na5 9. d4 Nxb3 10. axb3 exd4 11. e5 dxe5 12. Nxe5 Bb7 13. Nf3 0-0 14. Qxd4 Bxf3 15. Qxd8 Rfxd8 16. gxf3 Nd5 17. Nc3 Bb4 18. Rd1 Bxc3 19. bxc3 Nxc3 20. Rxd8+ Rxd8 21. Bb2 Ne2+ 22. Kf1 Nf4 23. Be5 Nxh3 24. Rxa6 Ng5 25. Bxc7 Rc8 26. Kg2 h6 27. Be5 Rxc2 28. Rb6 Rc5 29. Bd4 Rd5 30. Rb8+ Kh7 31. Be3 Ne6 32. f4 Kg6 33. Kf3 Kf5 34. Rb7 f6 35. b4 g5 36. fxg5 hxg5 37. Ke2 Ke5 38. Rb8 f5 39. Bb6 Nf4+ 40. Ke1 Ke4 41. Re8+ Kf3 42. Re3+ Kg4 43. Rg3+ Kh4 44. Be3 Nd3+ 45. Ke2 f4 46. Rg1 fxe3 47. fxe3 Ne5 48. e4 Rd4 49. Ke3 Rxb4 50. Rh1+ Kg4 51. Rg1+ Kh5 52. Rh1+ Kg6 53. Rd1 Rb3+ 54. Ke2 Nc4 55. Rd5 Re3+ 56. Kf2 Rxe4 57. Rxb5 Ne5 58. Rb6+ Kf5 59. Rb5 Kf4 60. Kg2 g4 61. Rb2 Nd3 62. Rb5 Re2+ 63. Kf1 Rf2+ 64. Kg1 Kg3 65. Rb3 Rf3 66. Rb1 Nf4 67. Kh1 Kh3 68. Rg1 g3 69. Rc1 g2+ 70. Kg1 Ne2# 0-1

[Event "Cali Masificacion op"]
[Site "Cali"]
[Date "2021.12.27"]
[Round "2"]
[White "Ortiz Verdesoto, Anahi Eduarda"]
[Black "Gonzalez Velasco, Leandro"]
[Result "1-0"]
[WhiteElo "1982"]
[BlackElo "1917"]
[PlyCount "75"]
[EventDate "2021.12.26"]
[EventType "swiss"]
[EventRounds "7"]
[EventCountry "COL"]
[SourceTitle "CBM 205 Extra"]
[Source "ChessBase"]
[SourceDate "2022.01.31"]
[SourceVersion "1"]
[SourceVersionDate "2022.01.31"]
[SourceQuality "1"]

1. d4 Nf6 2. c4 g6 3. Nc3 Bg7 4. e4 d6 5. h3 0-0 6. Bg5 h6 7. Be3 e5 8. d5 Na6 9. Bd3 Nc5 10. Bc2 a5 11. Qd2 h5 12. Nf3 b6 13. 0-0 Nh7 14. a3 f5 15. exf5 gxf5 16. Ng5 Nxg5 17. Bxg5 Bf6 18. Bh6 Bg7 19. b4 Nd7 20. Ne2 h4 21. Bg5 Bf6 22. f4 Bxg5 23. fxg5 f4 24. Qd3 Rf7 25. Qg6+ Rg7 26. Qe6+ Kh8 27. Qh6+ Kg8 28. g6 Qf6 29. g3 Nf8 30. gxf4 Nxg6 31. Kh2 Bxh3 32. Rg1 Bf5 33. Bxf5 Qxf5 34. Rg5 Qc2 35. Rag1 Qxe2+ 36. R1g2 Qf3 37. Rxg6 Rxg6 38. Rxg6+ 1-0

[Event "Cali Masificacion op"]
[Site "Cali"]
[Date "2021.12.26"]
[Round "1"]
[White "Herrera, Juan Sebastian"]
[Black "Ortiz Verdesoto, Anahi Eduarda"]
[Result "1-0"]
[WhiteElo "2204"]
[BlackElo "1982"]
[PlyCount "81"]
[EventDate "2021.12.26"]
[EventType "swiss"]
[EventRounds "7"]
[EventCountry "COL"]
[SourceTitle "CBM 205 Extra"]
[Source "ChessBase"]
[SourceDate "2022.01.31"]
[SourceVersion "1"]
[SourceVersionDate "2022.01.31"]
[SourceQuality "1"]

1. d4 Nf6 2. c4 e6 3. Nc3 Bb4 4. f3 c5 5. d5 exd5 6. cxd5 d6 7. e4 a6 8. Nge2 h6 9. Ng3 0-0 10. Be2 Re8 11. 0-0 Bxc3 12. bxc3 Nbd7 13. c4 Ne5 14. Bb2 Rb8 15. a4 b5 16. cxb5 axb5 17. Bxb5 Bd7 18. Bxd7 Nfxd7 19. Bc3 c4 20. Nf5 Rb3 21. Qd4 f6 22. f4 Nd3 23. Qxc4 N7c5 24. Ng3 Qb6 25. a5 Qb8 26. a6 Re7 27. e5 Qa7 28. Nf5 Rc7 29. Bd4 fxe5 30. fxe5 Nxe5 31. Qxb3 Nxb3 32. Bxa7 Rxa7 33. Ra3 Nc5 34. Nxd6 Rxa6 35. Rxa6 Nxa6 36. Nc8 Nc5 37. Ne7+ Kh7 38. Re1 Ned7 39. d6 g5 40. Nc6 Nf8 41. Re5 1-0

[Event "ECU-ch (Women)"]
[Site "Salinas"]
[Date "2021.12.18"]
[Round "6"]
[White "Penafiel Mendoza, Josselyne Stefania"]
[Black "Ortiz Verdesoto, Anahi Eduarda"]
[Result "0-1"]
[WhiteElo "1757"]
[BlackElo "1982"]
[PlyCount "46"]
[EventDate "2021.12.16"]
[EventType "swiss"]
[EventRounds "7"]
[EventCountry "ECU"]
[SourceTitle "EXT 2023"]
[Source "ChessBase"]
[SourceDate "2022.10.05"]
[SourceVersion "1"]
[SourceVersionDate "2022.10.05"]
[SourceQuality "1"]

1. d4 Nf6 2. c4 e6 3. Nf3 b6 4. g3 Ba6 5. b3 d5 6. cxd5 exd5 7. Bg2 Bd6 8. 0-0 0-0 9. Bb2 Re8 10. Re1 Nbd7 11. Nbd2 Rc8 12. Rc1 c5 13. dxc5 bxc5 14. e3 Qb6 15. Nb1 Bb7 16. Nc3 Bc6 17. Ba1 Qb7 18. Nd2 Ne5 19. Nf3 d4 20. Nxe5 Bxg2 21. Nc4 Bc7 22. Nb5 Bh3 23. f3 Qxb5 0-1

[Event "South America-ch U20 Girls"]
[Site "Guayaquil"]
[Date "2021.11.05"]
[Round "6"]
[White "Pinillo Canon, Silvana"]
[Black "Ortiz Verdesoto, Anahi Eduarda"]
[Result "0-1"]
[WhiteElo "1786"]
[BlackElo "1982"]
[PlyCount "128"]
[EventDate "2021.11.02"]
[EventType "swiss"]
[EventRounds "9"]
[EventCountry "ECU"]
[SourceTitle "CBM 205 Extra"]
[Source "ChessBase"]
[SourceDate "2022.01.31"]
[SourceVersion "1"]
[SourceVersionDate "2022.01.31"]
[SourceQuality "1"]

1. e4 e5 2. Nf3 Nc6 3. Bb5 a6 4. Ba4 Nf6 5. 0-0 b5 6. Bb3 Be7 7. d3 d6 8. a4 Rb8 9. axb5 axb5 10. Nc3 Be6 11. Nd5 0-0 12. c3 Rb7 13. Re1 Nb8 14. d4 exd4 15. Nxd4 Bd7 16. Ra8 Re8 17. h3 c6 18. Nf4 Bf8 19. Bc2 c5 20. Nf3 Bc6 21. Nd5 Rd7 22. Ra1 h6 23. Bf4 Bb7 24. b3 Nc6 25. Bg3 Nxd5 26. exd5 Ne5 27. c4 Qf6 28. Nxe5 dxe5 29. Be4 bxc4 30. bxc4 g6 31. Qg4 Rd6 32. Bh4 Qg7 33. Ra7 Bc8 34. Qf3 Bd7 35. Qa3 f5 36. Bc2 g5 37. Bg3 f4 38. Bh2 e4 39. Rxe4 Rxe4 40. Bxe4 Qe5 41. Qd3 Qb2 42. Qc2 Qe5 43. Kh1 h5 44. Bg1 g4 45. f3 gxf3 46. Bxc5 Ra6 47. Rxa6 Bxc5 48. gxf3 Bxh3 49. Kh2 Bd7 50. Qg2+ Kf8 51. Rg6 Kf7 52. Rg8 Bg4 53. Rg6 Bd6 54. Rxd6 Qxd6 55. fxg4 Qe7 56. g5 Qe5 57. c5 f3+ 58. Qg3 Qxe4 59. g6+ Kg7 60. c6 Qe2+ 61. Kh3 f2 62. Qc7+ Kxg6 63. Qg3+ Kf5 64. Kh4 Qe4+ 0-1